Detekcia prienikov na webový systém metódami výpočtovej inteligencie

Enregistré dans:
Détails bibliographiques
Auteur principal: Mišík, Daniel (Auteur)
Autres auteurs: Hudec, Ladislav (Directeur de thèse)
Format: Manuscrit Livre
Langue:slovaque
Publié: 2019
Sujets:
Accès en ligne:http://is.stuba.sk/zp/portal_zp.pl?podrobnosti=145549
Tags: Ajouter un tag
Pas de tags, Soyez le premier à ajouter un tag!

MARC

LEADER 00000ntm a22000003a 4500
001 stuzp74989
003 SK-STU
005 20190622212702.7
007 ta
008 150427s2015----xo-----f-mn---000-0-slo-d
040 |a STU  |b slo 
041 0 |a slo 
100 1 |a Mišík, Daniel  |u 070400  |k Z4  |4 aut  |U FIIT Fakulta informatiky a informačných technológií  |T FIIT Ústav počítačového inžinierstva a aplikovanej informatiky  |X 74102  |U I400  |Y 672  |7 74102 
242 0 1 |a Detection of intrusions to web system using computational intelligence  |y eng 
245 1 0 |a Detekcia prienikov na webový systém metódami výpočtovej inteligencie 
260 |c 2019 
650 4 |a Výpočtová inteligencia  |2 slo 
650 4 |a IDS  |2 slo 
650 4 |a paralélna kombinácia klasifikátorov  |2 slo 
650 4 |a IDS  |2 eng 
650 4 |a ensemble learning  |2 eng 
650 4 |a computational intelligence  |2 eng 
700 1 |a Hudec, Ladislav  |u 070400  |k Z1  |4 ths  |U FIIT Fakulta informatiky a informačných technológií  |T FIIT Ústav počítačového inžinierstva a aplikovanej informatiky  |X 2081  |U I400  |Y 672  |7 2081 
856 4 |u http://is.stuba.sk/zp/portal_zp.pl?podrobnosti=145549